00389nam a2200133Ia 4500008004100000040001600041041001200057082001500069100002100084245009100105250001200196260003600208300001100244230917s9999||||xx |||||||||||||| ||und|| e29762aMAIN aEnglish a158.7 S39P aSchultz, Duane P 0aPsychology and work today: An introduction to industrial and organizational psychology a7th ed. aNew JerseybPrentice-Hallc1998 a566 p.